Ortografía práctica de la lengua española

Uloženo v:
Podrobná bibliografie
Hlavní autor: Fuentes de la Corte, Juan Luis (Autor)
Médium: Kniha
Jazyk:španělština
Vydáno: Barcelona Bibliográfica Internacional 2005
Témata:
Tagy: Přidat tag
Žádné tagy, Buďte první, kdo vytvoří štítek k tomuto záznamu!

MARC

LEADER 00000nam a2200000 a 4500
001 UCG6063
003 CL-VaPUC
008 110331e20051000SP |||||||||||||||||spa|d
020 |a 9567240140 
082 0 4 |a 461.52  |b FUE  |2 21 
100 0 |a Fuentes de la Corte, Juan Luis  |e author  |9 556059 
245 1 0 |a Ortografía práctica de la lengua española 
300 |a 239 p 
942 |c BK 
945 |d 20110331 00:00:00  |a jcampos 
260 |a Barcelona  |b Bibliográfica Internacional  |c 2005 
650 0 |a Español  |9 255372 
650 0 |a Ortografía  |9 309144 
583 |a last modification  |c 20170321 04:34:59  |k Rodrigo Vera 
999 |c 344363  |d 344361 
952 |0 0  |1 0  |4 0  |6 461_520000000000000_FUE_2005  |7 0  |8 A  |9 442291  |a BIBCUR  |b BIBCUR  |d 2019-11-22  |i 4762290  |o 461.52 FUE 2005  |p 4762290  |r 2025-04-22  |w 2019-11-22  |y BK  |k PER 
952 |0 0  |1 0  |4 0  |6 461_520000000000000_FUE_2005  |7 0  |8 A  |9 442292  |a BIBCUR  |b BIBCUR  |d 2019-11-22  |i 4762282  |o 461.52 FUE 2005  |p 4762282  |r 2025-04-22  |w 2019-11-22  |y BK  |k PER 
952 |0 0  |1 0  |2 ddc  |4 0  |6 461_520000000000000_FUE_2005  |7 0  |8 A  |9 442295  |a BIBCUR  |b BIBCUR  |c GEN  |d 2019-11-22  |i 4762320  |o 461.52 FUE 2005  |p 4762320  |r 2025-04-22  |w 2019-11-22  |y BK  |k PER 
952 |0 0  |1 0  |4 0  |6 461_520000000000000_FUE_2005  |7 0  |8 A  |9 442297  |a BIBCUR  |b BIBCUR  |d 2019-11-22  |i 4762347  |l 2  |o 461.52 FUE 2005  |p 4762347  |r 2025-04-22  |s 2025-03-05  |w 2019-11-22  |y BK  |k PER 
952 |0 0  |1 0  |4 0  |6 461_520000000000000_FUE_2005  |7 0  |8 A  |9 442298  |a BIBCUR  |b BIBCUR  |d 2019-11-22  |i 4762355  |o 461.52 FUE 2005  |p 4762355  |r 2025-04-22  |w 2019-11-22  |y BK  |k PER 
952 |0 0  |1 0  |4 0  |6 461_520000000000000_FUE_2005  |7 0  |8 A  |9 442299  |a BIBCUR  |b BIBCUR  |d 2019-11-22  |i 4762363  |o 461.52 FUE 2005  |p 4762363  |r 2025-04-22  |w 2019-11-22  |y BK  |k PER 
952 |0 0  |1 0  |3 erb  |4 0  |6 461_520000000000000_FUE_2005  |7 0  |8 A  |9 442301  |a BIBCUR  |b BIBCUR  |i 5344743  |o 461.52 FUE 2005  |p 5344743  |r 2025-04-22  |w 2019-11-22  |y BK  |z Catalogado en:20161007  |k PER